Les avions de la BD Buck Danny Albums 4 à 14 - Statistiques

Statistiques générales
  • Ce quiz a été pris 18 fois
  • Le résultat moyen est 7 sur 31
Statistiques - réponses
Par images Hint Réponse % Correct
Chasseur Supermarine {Spitfire}
100%
Chasseur Chance Vought F4U {Corsair}
86%
Chasseur North American F-86 {Sabre}
86%
Chasseur-bombardier de Havilland DH.98 {Mosquito}
79%
Chasseur lourd Lockheed P-38 {Lightning}
79%
Bombardier lourd Boeing B-29 {Superfortress}
57%
Chasseur Grumman F9F-2 {Panther}
43%
Avion de transport militaire Douglas C-47 {Skytrain}
29%
Chasseur Lockheed P-80 {Shooting Star}
29%
Chasseur lourd Bristol {Beaufighter}
21%
Avion de patrouille maritime Lockheed P-2 {Neptune}
21%
Chasseur Grumman F9F {Cougar}
14%
Avion d'entraînement Lockheed T-33 {Silver Star}
14%
Chasseur McDonnell F2H {Banshee}
14%
Chasseur Mikoyan-Gourevitch MiG-15 {Fagot}
14%
Chasseur-bombardier Republic F-84 {Thunderjet}
14%
Chasseur (prototype) Soukhoï Su-{9}
7%
Hélicoptère de transport lourd Vertol H-21 {Flying banana}
7%
Chasseur léger (prototype) Bell XP-{77}
0%
Avion fusée Bell XS-1 dit "Glamorous Glennis"
0%
Avion d'entraînement Boulton Paul T.Mk 2 {Balliol}
0%
Avion de transport C-45 Expeditor {Twin Beech}
0%
Drone-cible Culver PQ-14 {Cadet}
0%
Avion expérimental Douglas {Skyrocket}
0%
Avion de transport militaire Fairchild C-82 {Packet}
0%
Intercepteur tout temps Lockheed F-94 {Starfire}
0%
Bombardier-torpilleur Mitsubishi G3M {Nell}
0%
Bombardier North American B-45 {Tornado}
0%
Hélicoptère Sikorsky H-19 {Chickasaw}
0%
Hélicoptère Sikorsky R-4 {Hoverfly}
0%
Avion suicide Yokosuka MXY-7 Ohka {Baka}
0%
Aucun quiz correspondant
Distribution des résultats
% des personnes avec chaque résultat
Percentile par nombre de réponses
Votre historique - résultats
Vous n’avez pas pris ce quiz